000 01400nam a2200313 a 4500
999 _c169876
_d169876
003 BLK
005 20231221005247.0
008 180411b bul|||||r ||||||| ||bul||
010 _aKNG00177931000
040 _aBLK
041 _aBUL
_cBUL
080 _aАмериканска литература (на САЩ)
_b821.111(73)
_x-31
_z821.111(73)-31
100 1 _aКупър, Джеймз Фенимор
_eпърви автор
_9379840
139 _aКупър, Джеймз Фенимор
_bК 94
245 1 0 _aПоследният мохикан
_bРоман за юноши
_cДжеймз Фенимор Купър; прев. от англ. Нели Доспевска; худож. Стоимен Стоилов.
257 _aUSA
260 _bОтечество
_c1977
_aСофия
300 _a432 с.
_bс ил.
_c22 см
380 _aX
490 _aСветовна класика за деца и юноши
_9202177
500 _aОриг. загл. The last of the mohicans- - 1 изд. 1951. - 80 100 тир.
700 _aДоспевска, Нели Станиславова
_d1915-1988
_9261711
700 _aСтоилов, Стоимен Иванов
_d1944-
_gБългарски график и живописец
_9374518
852 _aЦб 89210
_bЦб
856 4 _qpdf
_i0.00
_ldisable
856 4 _qpdf
_i0.00
_ldisable
942 _cKNG
_n0
_s1
944 _k
_lCRON CRON